000 00629nam a22002057a 4500
005 20240919105529.0
008 220506b ||||| |||| 00| 0 eng d
040 _cAL
041 _aTulu
082 _223
_aT894.1
_bMANB
100 _aMandara Keshava Bhat
_9179497
100 _934622
_dಮಂದಾರ ಕೇಶವ ಭಟ್
245 _aBirada Bolpu
_bಬೀರದ ಬೊಲ್ಪು
260 _aMangalore
_bKarnataka Tulu Sahitya Academy
_c1997
300 _a86 p.
_bPB
_c21x30 cm.
365 _c
_d₹28.00
650 _aTulu Narrative Poetry
_934623
700 _aMANDARA KESHAVA BHAT
_934624
942 _2ddc
_cGF
999 _c222817
_d222817